| 000 | 00773cam a2200241 a 4500 | ||
|---|---|---|---|
| 001 | 4378291 | ||
| 008 | 910410s1992 nyua b 001 0 eng | ||
| 010 | _a 91017533 | ||
| 020 |
_a0385007388 : _c$28.00 |
||
| 040 |
_aDLC _cCUZ _dCUZ _beng _erda |
||
| 050 | 0 | 0 |
_aBS192.2 _bHIL |
| 245 | 1 | 0 |
_aLamentations : _bintroduction, translation and notes / _cDelbert R. Hillers. |
| 250 | _a2nd rev. ed. | ||
| 264 |
_aNew York : _bDoubleday, _cc1984 |
||
| 300 |
_axiv, 116 pages. : _billustrations. ; _c24 cm. |
||
| 336 |
_atext _btxt |
||
| 337 |
_aunmediated _bn |
||
| 338 | _2rdacarrier | ||
| 490 | 1 |
_aThe Anchor Bible ; _vvolume 7A |
|
| 942 | _cOS | ||
| 999 |
_c44907 _d44907 |
||